000 00525nam a2200181 a 4500
005 20240924070737.0
008 121003s2011 mx r 000 0 spa d
035 _aUPN01000187005
049 _aCG
050 4 _aHM821
_bA2.2
245 0 0 _aAccesibilidad, inclusión, diversidad, igualdad.
260 _aMéxico :
_bConsejo Nacional para Prevenir la Discriminación,
_cc2011.
300 _a54, [7] p. :
_bil.
650 2 _aIgualdad
_91585
650 7 _aIntegración social
_2
_97258
905 _aLibro
999 _c159108
_d159108